Search the Library Catalogue
| 000 -LEADER | |
|---|---|
| fixed length control field | 00952nam a2200265Ia 4500 |
| 008 - FIXED-LENGTH DATA ELEMENTS--GENERAL INFORMATION | |
| fixed length control field | 191130s2007##################000#0#eng## |
| 020 ## - INTERNATIONAL STANDARD BOOK NUMBER | |
| International Standard Book Number | 9780763738808 |
| 022 ## - INTERNATIONAL STANDARD SERIAL NUMBER | |
| International Standard Serial Number | 2007005822 |
| 040 ## - CATALOGING SOURCE | |
| Original cataloging agency | ACL |
| Transcribing agency | ACL |
| 082 ## - DEWEY DECIMAL CLASSIFICATION NUMBER | |
| Classification number | 362.1068 PEL |
| 245 ## - TITLE STATEMENT | |
| Title | Masterpieces in health care leadership : cases and analysis for best practice |
| Statement of responsibility, etc. | editors Vince Pelote and Lynne Route ; contributing editor Mary Malone |
| 260 ## - PUBLICATION, DISTRIBUTION, ETC. | |
| Place of publication, distribution, etc. | Boston, MA |
| Name of publisher, distributor, etc. | Jones and Bartlett Publishers |
| Date of publication, distribution, etc. | c2007 |
| 300 ## - PHYSICAL DESCRIPTION | |
| Extent | xxii, 298 p. : ill. ; 23 cm |
| 500 ## - GENERAL NOTE | |
| General note | Includes bibliographical references (p. 285-288) and index |
| 650 ## - SUBJECT ADDED ENTRY--TOPICAL TERM | |
| Topical term or geographic name entry element | Health Services Administration |
| Topical term or geographic name entry element | Health services administration - Case studies |
| Topical term or geographic name entry element | Leadership |
| Topical term or geographic name entry element | Personnel Management - methods |
| Topical term or geographic name entry element | Staff Development - methods |
| 700 ## - ADDED ENTRY--PERSONAL NAME | |
| Personal name | Pelote, Vincent P |
| Personal name | Route, Lynne |
| 990 ## - EQUIVALENCES OR CROSS-REFERENCES [LOCAL, CANADA] | |
| Link information for 9XX fields | d4d4dd1dac10000c47f10d5e8f779b59 |
| 991 ## - | |
| -- | 366135 |
| Withdrawn status | Lost status | Damaged status | Not for loan | Home library | Current library | Shelving location | Date acquired | Total Checkouts | Full call number | Barcode | Date last seen | Price effective from | Koha item type |
|---|---|---|---|---|---|---|---|---|---|---|---|---|---|
| Anna Centenary Library | Anna Centenary Library | 4TH FLOOR, A WING | 09.10.2020 | 362.1068 PEL | 122289 | 09.10.2020 | 09.10.2020 | English Books |